Corruption in government: Report of an Interreg.Seminar The Hague, the Netherlands 11-15 December 1989

Gespeichert in:  
Bibliographische Detailangaben
Körperschaft: Vereinte Nationen (BeteiligteR)
Medienart: Druck Buch
Sprache:Englisch
Veröffentlicht: New York United Nations 1990
In:Jahr: 1990
Bestand in Tübingen:In Tübingen vorhanden.
IFK: 8249
Verfügbarkeit prüfen: HBZ Gateway
Subito Bestelldienst: Jetzt bestellen.
Schlagwörter:

MARC

LEADER 00000cam a22000002c 4500
001 1522002774
003 DE-627
005 20220603164241.0
007 tu
008 151116s1990 xx ||||| 00| ||eng c
035 |a (DE-627)1522002774 
035 |a (DE-576)45200277X 
035 |a (DE-599)BSZ45200277X 
040 |a DE-627  |b ger  |c DE-627  |e rakwb 
041 |a eng 
245 0 0 |a Corruption in government  |b Report of an Interreg.Seminar The Hague, the Netherlands 11-15 December 1989 
264 1 |a New York  |b United Nations  |c 1990 
300 |a 116 S. 
336 |a Text  |b txt  |2 rdacontent 
337 |a ohne Hilfsmittel zu benutzen  |b n  |2 rdamedia 
338 |a Band  |b nc  |2 rdacarrier 
583 1 |a Archivierung prüfen  |c 20200919  |f DE-640  |z 1  |2 pdager 
710 2 |a Vereinte Nationen  |0 (DE-588)333-5  |0 (DE-627)100003141  |0 (DE-576)190129247  |4 oth 
951 |a BO 
ELC |b 1 
LOK |0 000 xxxxxcx a22 zn 4500 
LOK |0 001 2873292830 
LOK |0 003 DE-627 
LOK |0 004 1522002774 
LOK |0 005 20151116135439 
LOK |0 008 150728||||||||||||||||ger||||||| 
LOK |0 035   |a (DE-21-110)kd25553 
LOK |0 040   |a DE-21-110  |c DE-627  |d DE-21-110 
LOK |0 689   |a s  |a Korruptionsbekämpfung 
LOK |0 689   |a s  |a International 
LOK |0 689   |a s  |a Korruption 
LOK |0 689   |a s  |a UNO 
LOK |0 852   |a DE-21-110 
LOK |0 852 1  |c 8249  |m p  |9 00 
LOK |0 935   |a k110 
LOK |0 938   |k p 
LOK |0 939   |a 28-07-15  |b l01 
ORI |a SA-MARC-krimdoka001.raw 
SIG |a IFK: 8249